National Parks In Michigan - Statistics

General Stats
  • This quiz has been taken 11 times
  • The average score is 4 of 5
Answer Stats
Type Answer % Correct
NL Pictured Rocks
100%
NP Isle Royale
88%
NL Sleeping Bear Dunes
88%
NBP River Raisin
50%
NHP Keweenaw
25%
No matching quizzes found
Score Distribution
Percent of People with Each Score
Percentile by Number Answered
Your Score History
You have not taken this quiz